Statistics for People by Cause of Death #1

Click here to take the quiz!

General Stats

  • This quiz has been taken 37 times
  • The average score is 6 of 15

Answer Stats

HintAnswer% Correct
Robin WilliamsSuicide
83%
Freddie MercuryAIDS
77%
David BowieCancer
71%
Princess DianaCar Crash
63%
John LennonMurder
63%
Elvis PresleyHeart Attack
54%
Stephen HawkingALS
51%
Ritchie ValensPlane Crash
40%
Amy WinehouseAlcohol Poisoning
14%
Johnny CashDiabetes
14%
PrinceDrug Overdose
14%
Stan LeePneumonia
14%
Steve McQueenCardiac Arrest
6%
George JonesHypoxia
6%
Hugh HefnerSepsis
3%

Score Distribution

Percentile by Number Answered

Percent of People with Each Score

Your Score History

You have not taken this quiz